|
|
|
|
| LEADER |
00752pam a22002658a 4500 |
| 001 |
00033155 |
| 005 |
20171026081023.0 |
| 008 |
150423s2014 ||||||Viesd |
| 020 |
# |
# |
|c 44000
|a 9786045705957
|
| 041 |
0 |
# |
|a Vie
|
| 082 |
1 |
4 |
|a 361.1
|b X100TR
|
| 100 |
1 |
# |
|a Vũ, Lân
|
| 245 |
0 |
0 |
|a Xã trưởng chơi ngông
|c Vũ Lân
|
| 260 |
# |
# |
|a Hà Nội
|b Chính trị quốc gia
|c 2014
|
| 300 |
# |
# |
|a 256 tr.
|c 21 cm.
|
| 653 |
# |
# |
|a Bài viết
|
| 653 |
# |
# |
|a Việt Nam
|
| 653 |
# |
# |
|a Vấn đề xã hội
|
| 852 |
# |
# |
|b Kho đọc
|j KD.0016585
|
| 852 |
# |
# |
|j KD.0016585
|
| 910 |
0 |
# |
|a kchi
|d 23/4/2015
|
| 980 |
# |
# |
|a Trung tâm Học liệu Lê Vũ Hùng, Trường Đại học Đồng Tháp
|